00713cam a22002291 4500001001300000003000400013005001700017008004100034010001700075035001800092040001800110042001200128050001800140100001100158245005400169260004900223300001800272500001700290500011000307650004900417999001700466sa 68015385 DLC20260227112643.0720905s1968 xx 000 0 ind  asa 68015385  a(OCoLC)398809 aDLCcOAUdDLC apremarc00aJS7205.S9bA60 aAbrar.10aPemerintahan nagari;bsuatu pandangan sosiologis. a[Bukittinggi,bPertjetakan Nusantara]c1968. a18 p.c22 cm. aCover title. a"Diutjapkan pada hari penggelaran angkatan pertama Akademi Pemerintahan Dalam Negeri, Bukittinggi, 1968." 0aLocal governmentzIndonesiazSumatera Barat. c86412d86412